Psychology (Бичлэгийн дугаар. 146066)
| 000 -УДИРДЛАГА | |
|---|---|
| Удирдлага | 01048nam a22003617a 4500 |
| 003 - ХЯНАЛТЫН ТОО ТОДОРХОЙЛОГЧ | |
| Код | MN-UlNUM |
| 005 - БИЧИЛТ ХИЙСЭН ОГНОО | |
| Тухайн бичилтийг бичсэн засварласан сүүлийн огноо | 20260115154425.0 |
| 008 - ЕРӨНХИЙ МЭДЭЭЛЭЛ | |
| Ерөнхий мэдээлэл | 160926s2007 maua b 001 0 eng |
| 020 ## - ISBN | |
| ISBN | 9780073123875 |
| -- | 0073123870 |
| 040 ## - БИЧЛЭГ ҮҮСГЭГЧ БАЙГУУЛЛАГА | |
| Бичлэг үүсгэгч номын сангийн код | МУИС-ийн номын сан |
| 084 ## - ББК АНГИЛАЛ | |
| Нэмэлт тусгалт | Сурах бичиг |
| ББК ангилал | 88.3 |
| Зохиогчийн гурван тэмдэгт | L 16 |
| Мэдлэгийн ялгаа | 88 - Сэтгэл судлал |
| 100 1# - ЗОХИОГЧ | |
| Зохиогчийн нэр | Lahey, Benjamin B. |
| 245 10 - ҮНДСЭН ГАРЧИГ | |
| Номын нэр | Psychology |
| Бага гарчгийн мэдээ | An introduction |
| Оролцогчдын тухай мэдээ | Benjamin B. Lahey |
| 250 ## - ДАХИН ХЭВЛЭЛТ | |
| Дахин гаралтын дугаар | 9th ed. |
| 260 ## - ГАРАЛТЫН МЭДЭЭ | |
| Хэвлэгдсэн газар | Boston, Mass. |
| Хэвлэлийн газар | McGraw-Hill Higher Education |
| Хэвлэгдсэн он | 2007 |
| 300 ## - МАТЕРИАЛЫН ТОДОРХОЙЛОЛТ | |
| хуудасны тоо | xxxv, 683, [105] p. |
| Бусад тоон мэдээлэл | ill. (chiefly col.) |
| Хэмжээ | 28 cm |
| 500 ## - Тайлбар | |
| Дансны дугаар | БС 5981 |
| 546 ## - ХЭЛНИЙ ТУХАЙ МЭДЭЭ | |
| Хэл | Англи хэл дээр, |
| 653 ## - Түлхүүр үг | |
| Түлхүүр үг | psychology |
| 653 ## - Түлхүүр үг | |
| Түлхүүр үг | cognition |
| 653 ## - Түлхүүр үг | |
| Түлхүүр үг | health |
| 653 ## - Түлхүүр үг | |
| Түлхүүр үг | the social context |
| 740 ## - НОМЫН ГАРЧИГ | |
| Гарчиг | Introduction and foundations |
| 740 ## - НОМЫН ГАРЧИГ | |
| Гарчиг | Awareness |
| 740 ## - НОМЫН ГАРЧИГ | |
| Гарчиг | Learning and cognition |
| 740 ## - НОМЫН ГАРЧИГ | |
| Гарчиг | Developmental psychology |
| 740 ## - НОМЫН ГАРЧИГ | |
| Гарчиг | The self |
| 740 ## - НОМЫН ГАРЧИГ | |
| Гарчиг | Health and adjustment |
| 740 ## - НОМЫН ГАРЧИГ | |
| Гарчиг | Social context |
| 942 ## - ЭЛЕМЕНТИЙН ТӨРӨЛ | |
| Зүйлийн төрөл | Ном |
